Pays des petites Antilles - Carte Quiz - Statistiques

Statistiques générales
  • Ce quiz a été pris 1 302 fois
  • Le résultat moyen est 5 sur 8
Réponses sur la Carte
Les réponses sont colorées sur une échelle allant du rouge au vert en fonction du pourcentage des utilisateurs qui les ont devinées à leur premier essai. Vous pouvez retrouver ces pourcentages ci-dessous.
 
Statistiques - réponses
Réponse % Correct
Trinité-et-Tobago
85%
Antigua-et-Barbuda
64%
Dominique
60%
Sainte-Lucie
59%
Barbade
57%
Saint-Vincent-et-les-Grenadines
56%
Grenade
53%
Saint-Christophe-et-Niévès
49%
Aucun quiz correspondant
Distribution des résultats
% des personnes avec chaque résultat
Percentile par nombre de réponses
Votre historique - résultats
Vous n’avez pas pris ce quiz